000 00270nam a2200109 a 4500
005 20140414093832.0
008 970109s19uu xx 00 eng d
050 _aVHS 500
_bOR 11
245 _aInside Hawaiian Volcanoes /
_cRoger Mudd.
942 _cAVM
999 _c108788
_d108788